[Event "22. Torneo de Moratalaz 2009"]
[Site "Madrid ESP"]
[Date "2009.09.16"]
[Round "1.1"]
[White "Rodriguez Vignote, Javier"]
[Black "Hernandez Carmenates, Holden"]
[Result "0-1"]
[WhiteElo "1865"]
[BlackElo "2561"]
[PlyCount "88"]
[EventDate "2009.09.26"]
[EventType "swiss"]
[EventRounds "9"]
[EventCountry "ESP"]
[Source "lmi"]
[SourceDate "2009.09.16"]

1. d4 Nf6 2. c4 e6 3. Nf3 b6 4. Nc3 Bb7 5. Bg5 h6 6. Bh4 g5 7. Bg3 Nh5 8. Be5
f6 9. Bg3 Nxg3 10. hxg3 Bg7 11. Qc2 Qe7 12. e3 f5 13. Bd3 Nc6 14. a3 O-O-O 15.
O-O-O Kb8 16. d5 Ne5 17. Nxe5 Bxe5 18. e4 f4 19. gxf4 Bxf4+ 20. Kb1 Be5 21.
Rdf1 h5 22. g3 Rdf8 23. f4 gxf4 24. gxf4 Rxf4 25. Rxf4 Bxf4 26. Qf2 Be5 27. Nd1
h4 28. Rh3 Qg5 29. Kc2 Bc8 30. Bf1 d6 31. Rf3 exd5 32. cxd5 h3 33. Rf8 Qh6 34.
Rxh8 Qxh8 35. Qf3 h2 36. Bg2 Qh4 37. Nf2 a5 38. a4 Qg5 39. Nd3 Kb7 40. Qf1 Bd7
41. b3 Bg4 42. b4 Qe3 43. Nxe5 dxe5 44. Qd3 Qg1 0-1

[Event "22. Torneo de Moratalaz 2009"]
[Site "Madrid ESP"]
[Date "2009.09.16"]
[Round "1.2"]
[White "Almagro Llamas, Pablo"]
[Black "Minondo Torres, Alvaro"]
[Result "1-0"]
[WhiteElo "2470"]
[BlackElo "1863"]
[PlyCount "29"]
[EventDate "2009.09.26"]
[EventType "swiss"]
[EventRounds "9"]
[EventCountry "ESP"]
[Source "lmi"]
[SourceDate "2009.09.16"]

1. e4 c5 2. Nf3 Nc6 3. Bb5 a6 4. Bxc6 bxc6 5. O-O Qc7 6. Re1 e5 7. c3 f6 8. d4
cxd4 9. cxd4 d6 10. Be3 Ne7 11. Nbd2 Bb7 12. Rc1 f5 13. dxe5 dxe5 14. Nc4 Qd8
15. Nd6+ 1-0

[Event "22. Torneo de Moratalaz 2009"]
[Site "Madrid ESP"]
[Date "2009.09.16"]
[Round "1.4"]
[White "Moreno Ruiz, Javier"]
[Black "Ortega Morales, Pedro"]
[Result "1-0"]
[WhiteElo "2435"]
[BlackElo "1846"]
[PlyCount "57"]
[EventDate "2009.09.26"]
[EventType "swiss"]
[EventRounds "9"]
[EventCountry "ESP"]
[Source "lmi"]
[SourceDate "2009.09.16"]

1. Nf3 d5 2. c4 c6 3. g3 Nf6 4. Bg2 Bf5 5. cxd5 cxd5 6. Qb3 Qc8 7. Nc3 e6 8. d3
Nc6 9. Bf4 a6 10. Rc1 Be7 11. O-O O-O 12. Ne5 Nh5 13. e4 Nxf4 14. gxf4 dxe4 15.
dxe4 Bg6 16. Nd5 Bd8 17. Nb4 Rb8 18. Qc4 f6 19. Nexc6 bxc6 20. Nxc6 Ra8 21.
Rfd1 Kh8 22. Qb3 Bc7 23. Ne7 Qb8 24. Nxg6+ hxg6 25. Qh3+ Kg8 26. Qxe6+ Kh8 27.
e5 Qc8 28. Qxc8 Raxc8 29. Bb7 1-0

[Event "22. Torneo de Moratalaz 2009"]
[Site "Madrid ESP"]
[Date "2009.09.16"]
[Round "1.5"]
[White "Maseda Iglesias, Luis"]
[Black "Fernandez Cardoso, Alexey"]
[Result "0-1"]
[WhiteElo "1845"]
[BlackElo "2413"]
[PlyCount "54"]
[EventDate "2009.09.26"]
[EventType "swiss"]
[EventRounds "9"]
[EventCountry "ESP"]
[Source "lmi"]
[SourceDate "2009.09.16"]

1. d4 d5 2. c4 c6 3. Nc3 Nf6 4. Nf3 e6 5. Bg5 h6 6. Bh4 dxc4 7. e4 g5 8. Bg3 b5
9. Be2 Bb7 10. h4 g4 11. Ne5 h5 12. O-O Nbd7 13. Qc2 Nxe5 14. Bxe5 Rg8 15. Rad1
Nd7 16. Bg3 Qb6 17. Qc1 Rg6 18. Bf4 O-O-O 19. e5 c5 20. d5 exd5 21. Nxd5 Qe6
22. Ne3 Be7 23. a4 Nxe5 24. axb5 Nd3 25. Bxd3 cxd3 26. b4 Qe4 27. Bg3 f5 0-1

[Event "22. Torneo de Moratalaz 2009"]
[Site "Madrid ESP"]
[Date "2009.09.17"]
[Round "2.1"]
[White "Hernandez Carmenates, Holden"]
[Black "Toranzo Fernandez, Dionisio"]
[Result "1-0"]
[WhiteElo "2561"]
[BlackElo "2024"]
[PlyCount "103"]
[EventDate "2009.09.26"]
[EventType "swiss"]
[EventRounds "9"]
[EventCountry "ESP"]
[Source "lmi"]
[SourceDate "2009.09.16"]

1. e4 c6 2. d4 d5 3. exd5 cxd5 4. c4 Nf6 5. Nc3 e6 6. Nf3 Be7 7. cxd5 Nxd5 8.
Bd3 Nc6 9. O-O O-O 10. a3 Nf6 11. Bg5 b6 12. Qe2 Bb7 13. Rad1 Nd5 14. Qe4 g6
15. Qh4 Re8 16. Rfe1 Rc8 17. Nxd5 exd5 18. Bb5 Rc7 19. Re3 Bxg5 20. Nxg5 h5 21.
Rxe8+ Qxe8 22. Nf3 Qe7 23. Qf4 a6 24. Re1 Qd8 25. Bxc6 Rxc6 26. h4 Bc8 27. Ne5
Qf6 28. Qxf6 Rxf6 29. Rc1 Bf5 30. f3 Rd6 31. Rc7 Be6 32. Kf2 a5 33. Ke3 Kg7 34.
Kf4 Kf6 35. g4 hxg4 36. fxg4 Rd8 37. Rc6 b5 38. Rb6 b4 39. axb4 axb4 40. Rxb4
Rc8 41. Rb6 Rc1 42. g5+ Ke7 43. Rb7+ Ke8 44. Nd3 Rf1+ 45. Ke5 Rh1 46. b4 Kd8
47. Kd6 Kc8 48. Rc7+ Kd8 49. Ra7 Kc8 50. Ne5 Rb1 51. Nc6 Rc1 52. Rc7# 1-0

[Event "22. Torneo de Moratalaz 2009"]
[Site "Madrid ESP"]
[Date "2009.09.17"]
[Round "2.2"]
[White "Garcia Amodia, Daniel"]
[Black "Almagro Llamas, Pablo"]
[Result "0-1"]
[WhiteElo "2001"]
[BlackElo "2470"]
[PlyCount "68"]
[EventDate "2009.09.26"]
[EventType "swiss"]
[EventRounds "9"]
[EventCountry "ESP"]
[Source "lmi"]
[SourceDate "2009.09.16"]

1. e4 c6 2. d4 d5 3. Nd2 dxe4 4. Nxe4 Bf5 5. Ng3 Bg6 6. h4 h6 7. Nf3 Nf6 8. Ne5
Bh7 9. Bc4 e6 10. Qe2 Nd5 11. c3 Nd7 12. Bxd5 cxd5 13. Qb5 f6 14. Nxd7 Qxd7 15.
Qxd7+ Kxd7 16. h5 Bd6 17. Ne2 b5 18. Bf4 e5 19. Bg3 Rhe8 20. O-O Bd3 21. Rfe1
Bxe2 22. Rxe2 exd4 23. Rd2 Bxg3 24. fxg3 dxc3 25. bxc3 Kc6 26. Rad1 Rad8 27.
Rd4 Re3 28. Rg4 Rd7 29. Rc1 Re4 30. Rxe4 dxe4 31. Rc2 Rd3 32. c4 b4 33. Re2 e3
34. Rb2 Rd2 0-1

[Event "22. Torneo de Moratalaz 2009"]
[Site "Madrid ESP"]
[Date "2009.09.17"]
[Round "2.4"]
[White "Vukotic Jovsic, Dragan"]
[Black "Moreno Ruiz, Javier"]
[Result "0-1"]
[WhiteElo "1988"]
[BlackElo "2435"]
[PlyCount "120"]
[EventDate "2009.09.26"]
[EventType "swiss"]
[EventRounds "9"]
[EventCountry "ESP"]
[Source "lmi"]
[SourceDate "2009.09.16"]

1. d4 Nf6 2. Bf4 e6 3. Nf3 c5 4. e3 cxd4 5. exd4 b6 6. Bd3 Bb7 7. O-O Be7 8.
Nbd2 O-O 9. Re1 d6 10. Qe2 Nbd7 11. Ng5 g6 12. Nxe6 fxe6 13. Qxe6+ Rf7 14. Bxd6
Bxd6 15. Qxd6 Nf8 16. Qxd8 Rxd8 17. Bc4 Bd5 18. Bxd5 Nxd5 19. c3 Nf4 20. Nc4 b5
21. Ne5 Rc7 22. g3 N4e6 23. Rad1 Rd5 24. Ng4 Rd6 25. Re5 a6 26. f4 Nd7 27. Re3
b4 28. f5 Nef8 29. Rf1 bxc3 30. bxc3 h5 31. Ne5 Nxe5 32. dxe5 Rdc6 33. e6 Re7
34. fxg6 Rexe6 35. Rxe6 Nxe6 36. Rf5 Ng7 37. Rd5 Kf8 38. Rd8+ Ke7 39. Ra8 Kf6
40. Kf2 Kxg6 41. h3 Ne6 42. g4 h4 43. Rh8 Rxc3 44. Rxh4 Nf4 45. Rh8 Nxh3+ 46.
Ke1 Ng5 47. Kd1 Ne4 48. Re8 Nc5 49. Re5 Kf6 50. Rf5+ Ke6 51. Rf2 Rg3 52. Rc2
Kd5 53. g5 Rxg5 54. Rd2+ Kc4 55. Kc2 Ne4 56. Rh2 Rf5 57. Rh4 Rf2+ 58. Kb1 Re2
59. a4 a5 60. Kc1 Kb3 0-1

[Event "22. Torneo de Moratalaz 2009"]
[Site "Madrid ESP"]
[Date "2009.09.17"]
[Round "2.5"]
[White "Fernandez Cardoso, Alexey"]
[Black "Camacho Casado, Demetrio"]
[Result "1-0"]
[WhiteElo "2413"]
[BlackElo "1982"]
[PlyCount "43"]
[EventDate "2009.09.26"]
[EventType "swiss"]
[EventRounds "9"]
[EventCountry "ESP"]
[Source "lmi"]
[SourceDate "2009.09.16"]

1. e4 e5 2. Nf3 Nc6 3. Bb5 g6 4. O-O Bg7 5. c3 d6 6. d4 Bd7 7. Qb3 Na5 8. Qa4
c6 9. Be2 b5 10. Qa3 Qc7 11. dxe5 dxe5 12. Rd1 Nb7 13. c4 Bf8 14. Qc3 f6 15.
cxb5 Rc8 16. Na3 Nc5 17. Be3 Nxe4 18. Qc2 Nd6 19. Rac1 Nf5 20. bxc6 Bxc6 21.
Qb3 Bxa3 22. Rxc6 1-0

[Event "22. Torneo de Moratalaz 2009"]
[Site "Madrid ESP"]
[Date "2009.09.18"]
[Round "3.1"]
[White "Vazquez Torres, Adrian"]
[Black "Hernandez Carmenates, Holden"]
[Result "0-1"]
[WhiteElo "2138"]
[BlackElo "2561"]
[PlyCount "70"]
[EventDate "2009.09.26"]
[EventType "swiss"]
[EventRounds "9"]
[EventCountry "ESP"]
[Source "lmi"]
[SourceDate "2009.09.16"]

1. e4 c5 2. Nf3 Nc6 3. d4 cxd4 4. Nxd4 e6 5. Nc3 a6 6. Be2 Qc7 7. Be3 Nf6 8.
O-O Be7 9. f4 d6 10. Qe1 O-O 11. Qg3 Nxd4 12. Bxd4 b5 13. e5 dxe5 14. fxe5 Bc5
15. Bxc5 Qxc5+ 16. Kh1 Nd7 17. Rae1 Qxe5 18. Qh4 Qc7 19. Bd3 g6 20. Qh6 Bb7 21.
Ne4 Bxe4 22. Rxe4 Nc5 23. Re3 f5 24. h4 Rad8 25. h5 Qg7 26. Qxg7+ Kxg7 27. Re5
Nxd3 28. cxd3 Kf6 29. Rfe1 Rd6 30. hxg6 hxg6 31. d4 Rh8+ 32. Kg1 Rh4 33. Kf2
Rhxd4 34. R1e2 R4d5 35. R5e3 e5 0-1

[Event "22. Torneo de Moratalaz 2009"]
[Site "Madrid ESP"]
[Date "2009.09.18"]
[Round "3.2"]
[White "Almagro Llamas, Pablo"]
[Black "Unciti Juan, Javier"]
[Result "1/2-1/2"]
[WhiteElo "2470"]
[BlackElo "2107"]
[PlyCount "74"]
[EventDate "2009.09.26"]
[EventType "swiss"]
[EventRounds "9"]
[EventCountry "ESP"]
[Source "lmi"]
[SourceDate "2009.09.16"]

1. e4 e6 2. d4 d5 3. Nc3 Bb4 4. e5 Ne7 5. a3 Bxc3+ 6. bxc3 c5 7. Nf3 Bd7 8. h4
Qa5 9. Bd2 Nbc6 10. h5 h6 11. Rh4 c4 12. Rf4 O-O-O 13. Nh4 Nf5 14. Nxf5 exf5
15. Qf3 Rhe8 16. Be2 Re7 17. Kf1 Rde8 18. Rh4 Nd8 19. Re1 Ne6 20. g3 Ng5 21.
Bxg5 hxg5 22. Rh2 Rh8 23. Kg1 Ree8 24. Bf1 Rh6 25. Rb1 Be6 26. Qe3 Qd8 27. a4
Reh8 28. Qf3 g4 29. Qe3 Rxh5 30. Rxh5 Rxh5 31. Bg2 a6 32. Qc1 g5 33. Rb4 Qc7
34. Rb1 Qd8 35. Kf1 Qc7 36. Kg1 Qd8 37. Qb2 Qc7 1/2-1/2

[Event "22. Torneo de Moratalaz 2009"]
[Site "Madrid ESP"]
[Date "2009.09.18"]
[Round "3.3"]
[White "Moreno Ruiz, Javier"]
[Black "Suarez Uriel, Adrian"]
[Result "1-0"]
[WhiteElo "2435"]
[BlackElo "2096"]
[PlyCount "103"]
[EventDate "2009.09.26"]
[EventType "swiss"]
[EventRounds "9"]
[EventCountry "ESP"]
[Source "lmi"]
[SourceDate "2009.09.16"]

1. c4 e5 2. g3 Nf6 3. Bg2 h6 4. Nc3 Bb4 5. e4 Bxc3 6. bxc3 O-O 7. Ne2 d6 8. d3
Nbd7 9. O-O c6 10. h3 Nc5 11. Be3 Qe7 12. Qd2 Nh7 13. f3 Be6 14. Rab1 f5 15. d4
Na6 16. d5 Bc8 17. f4 Rf6 18. fxe5 dxe5 19. Rfd1 fxe4 20. d6 Qd7 21. Bxe4 Ng5
22. Bxg5 hxg5 23. g4 Nc5 24. Ng3 Qf7 25. Bf5 Qxc4 26. Qxg5 Ne6 27. Qe3 Nf4 28.
Qxe5 Nxh3+ 29. Kh2 Bxf5 30. gxf5 Nf2 31. Kg2 Nxd1 32. Rxd1 Qxa2+ 33. Kf3 Qf7
34. Kg4 Re8 35. Qf4 g6 36. d7 Rd8 37. Qe5 gxf5+ 38. Kf4 Qe6 39. Qc7 Rff8 40.
Rd4 Qh6+ 41. Kf3 f4 42. Ne4 Qh3+ 43. Kf2 Qh4+ 44. Kf1 Qh3+ 45. Kf2 Qh4+ 46. Kf1
Qh1+ 47. Kf2 f3 48. Qg3+ Kh8 49. Qe5+ Kh7 50. Ng5+ Kg6 51. Rd6+ Kh5 52. Nxf3+
1-0

[Event "22. Torneo de Moratalaz 2009"]
[Site "Madrid ESP"]
[Date "2009.09.18"]
[Round "3.4"]
[White "Montañes Arribas, Adrian"]
[Black "Fernandez Cardoso, Alexey"]
[Result "0-1"]
[WhiteElo "2122"]
[BlackElo "2413"]
[PlyCount "62"]
[EventDate "2009.09.26"]
[EventType "swiss"]
[EventRounds "9"]
[EventCountry "ESP"]
[Source "lmi"]
[SourceDate "2009.09.16"]

1. e4 c5 2. Nf3 Nc6 3. d4 cxd4 4. Nxd4 Nf6 5. Nc3 e5 6. Ndb5 d6 7. Bg5 a6 8.
Na3 b5 9. Bxf6 gxf6 10. Nd5 Bg7 11. Bd3 Ne7 12. Nxe7 Qxe7 13. O-O O-O 14. c4 f5
15. Qf3 b4 16. Nc2 f4 17. Nxb4 Rb8 18. Nd5 Qg5 19. Be2 f5 20. exf5 Bxf5 21. Qh5
Qxh5 22. Bxh5 Bd3 23. Rfd1 e4 24. Rd2 Rxb2 25. Rxb2 Bxb2 26. Rd1 Bxc4 27. Ne7+
Kh8 28. Rxd6 e3 29. Rd1 Ba3 30. Nc6 Bc5 31. fxe3 fxe3 0-1

[Event "22. Torneo de Moratalaz 2009"]
[Site "Madrid ESP"]
[Date "2009.09.18"]
[Round "3.5"]
[White "Martinez Martin, David"]
[Black "Garcia Salamero, Gabriel"]
[Result "1-0"]
[WhiteElo "2399"]
[BlackElo "2084"]
[PlyCount "89"]
[EventDate "2009.09.26"]
[EventType "swiss"]
[EventRounds "9"]
[EventCountry "ESP"]
[Source "lmi"]
[SourceDate "2009.09.16"]

1. d4 Nf6 2. c4 e6 3. Nf3 d5 4. e3 Be7 5. b3 Nbd7 6. Bb2 O-O 7. Bd3 b6 8. O-O
Bb7 9. Qe2 Ne4 10. Nfd2 c5 11. cxd5 exd5 12. Rd1 Nxd2 13. Nxd2 cxd4 14. Bxd4
Bf6 15. Nf3 Qe7 16. Rac1 Rac8 17. Bf5 Bxd4 18. Nxd4 g6 19. Bh3 Rc5 20. g3 Rfc8
21. Rb1 R8c7 22. Qb2 Nf6 23. b4 Rc3 24. Nb5 Rc2 25. Qa3 Ne4 26. Rf1 Ng5 27. Bg2
d4 28. e4 Bxe4 29. Rbe1 d3 30. Nxc7 Re2 31. Rxe2 dxe2 32. Re1 Bxg2 33. Kxg2
Qxc7 34. Rxe2 Ne6 35. Qd3 Qe7 36. Qe4 a5 37. bxa5 bxa5 38. Qa8+ Kg7 39. Qxa5
Qb7+ 40. f3 Qe7 41. Qe5+ Kg8 42. Rb2 f6 43. Qd5 Kg7 44. Rb7 Nc7 45. Qc4 1-0

[Event "22. Torneo de Moratalaz 2009"]
[Site "Madrid ESP"]
[Date "2009.09.19"]
[Round "4.1"]
[White "Anton Guijarro, David"]
[Black "Moreno Ruiz, Javier"]
[Result "0-1"]
[WhiteElo "2435"]
[BlackElo "2316"]
[PlyCount "64"]
[EventDate "2009.09.26"]
[EventType "swiss"]
[EventRounds "9"]
[EventCountry "ESP"]
[Source "lmi"]
[SourceDate "2009.09.16"]

1. d4 Nf6 2. Nf3 g6 3. c4 Bg7 4. Nc3 O-O 5. e4 d6 6. Be2 e5 7. O-O exd4 8. Nxd4
Re8 9. f3 c6 10. Rb1 d5 11. cxd5 cxd5 12. Bg5 dxe4 13. Nxe4 Qb6 14. Nxf6+ Bxf6
15. Bxf6 Qxf6 16. Nb5 Bf5 17. Rc1 Qb6+ 18. Kh1 Nc6 19. Nc3 Qxb2 20. Bb5 Rad8
21. Qb3 Rd2 22. Qxb2 Rxb2 23. g4 Be6 24. Ne4 Kg7 25. h3 Bd5 26. Nc3 Bxa2 27.
Ra1 Bb3 28. Bxc6 bxc6 29. Rxa7 Re3 30. Ne4 Bc4 31. Rc1 Rxf3 32. Ng5 Rff2 0-1

[Event "22. Torneo de Moratalaz 2009"]
[Site "Madrid ESP"]
[Date "2009.09.19"]
[Round "4.2"]
[White "Ballesteros Gonzalez, David"]
[Black "Martinez Martin, David"]
[Result "0-1"]
[WhiteElo "2238"]
[BlackElo "2399"]
[PlyCount "78"]
[EventDate "2009.09.26"]
[EventType "swiss"]
[EventRounds "9"]
[EventCountry "ESP"]
[Source "lmi"]
[SourceDate "2009.09.16"]

1. d4 d6 2. c4 e5 3. dxe5 dxe5 4. Qxd8+ Kxd8 5. Nc3 Be6 6. e4 Nd7 7. f4 f6 8.
Nf3 c6 9. fxe5 Nxe5 10. Nxe5 fxe5 11. Bg5+ Be7 12. O-O-O+ Ke8 13. Bxe7 Kxe7 14.
Be2 Nf6 15. h3 Rhd8 16. Rxd8 Rxd8 17. b3 Bf7 18. Rd1 Rd4 19. Bf3 Bg6 20. Re1
Nd7 21. Ne2 Rd6 22. Rd1 Nc5 23. Rxd6 Kxd6 24. Nc3 a5 25. Kd2 Ne6 26. a3 Kc5 27.
Bg4 Nd4 28. Bd1 b5 29. cxb5 cxb5 30. Kd3 Bf7 31. a4 b4 32. Nd5 Bxd5 33. exd5
Kxd5 34. Ke3 g6 35. g3 Nf5+ 36. Kf3 g5 37. Kf2 Kd4 38. Bg4 Nd6 39. Bd1 Kd3 0-1

[Event "22. Torneo de Moratalaz 2009"]
[Site "Madrid ESP"]
[Date "2009.09.19"]
[Round "4.5"]
[White "Arribas Lopez, Angel"]
[Black "Fayos Mestre, Jose Maria"]
[Result "1-0"]
[WhiteElo "2481"]
[BlackElo "2049"]
[PlyCount "63"]
[EventDate "2009.09.26"]
[EventType "swiss"]
[EventRounds "9"]
[EventCountry "ESP"]
[Source "lmi"]
[SourceDate "2009.09.16"]

1. d4 g6 2. e4 d6 3. c4 Bg7 4. Nc3 Nc6 5. Nge2 e5 6. d5 Nce7 7. Ng3 Nh6 8. h4
f5 9. exf5 Nexf5 10. Nge4 Nf7 11. h5 g5 12. Be2 h6 13. Bg4 O-O 14. Bxf5 Bxf5
15. g4 Bh7 16. Be3 c5 17. a3 Qa5 18. O-O a6 19. Bd2 Qd8 20. Qe2 Qd7 21. f3 Rab8
22. b4 b6 23. Be3 Nd8 24. Rab1 Nb7 25. Rb3 Rfc8 26. Rfb1 b5 27. bxc5 Nxc5 28.
Bxc5 dxc5 29. Qe3 Rf8 30. cxb5 Rf4 31. bxa6 Rbf8 32. Rb8 1-0

[Event "22. Torneo de Moratalaz 2009"]
[Site "Madrid ESP"]
[Date "2009.09.20"]
[Round "5.1"]
[White "Moreno Ruiz, Javier"]
[Black "Elissalt Cardenas, Hector"]
[Result "0-1"]
[WhiteElo "2435"]
[BlackElo "2322"]
[PlyCount "86"]
[EventDate "2009.09.26"]
[EventType "swiss"]
[EventRounds "9"]
[EventCountry "ESP"]
[Source "lmi"]
[SourceDate "2009.09.16"]

1. c4 f5 2. g3 Nf6 3. Bg2 g6 4. Nc3 d6 5. d3 Bg7 6. e4 c5 7. Nge2 Nc6 8. O-O
O-O 9. h3 e5 10. exf5 gxf5 11. Bg5 Be6 12. f4 Qd7 13. Qd2 Kh8 14. a3 Rae8 15.
Rae1 Nd4 16. b4 e4 17. Nxd4 cxd4 18. Ne2 e3 19. Qd1 Ng8 20. a4 Ne7 21. Bxe7
Qxe7 22. Bf3 Bf6 23. Kh2 Qd8 24. Qb3 Re7 25. Rg1 Rg7 26. a5 Rfg8 27. Rg2 Qe7
28. b5 h5 29. Reg1 d5 30. cxd5 Bd7 31. Rc1 h4 32. Rcg1 hxg3+ 33. Rxg3 Rxg3 34.
Rxg3 Rxg3 35. Kxg3 Qh7 36. Kg2 Qh4 37. Ng3 Qxf4 38. Qb4 Kg8 39. Nh5 Qg5+ 40.
Kf1 Be5 41. Qc4 Qh4 42. d6+ Kf8 43. Qd5 Qf2# 0-1

[Event "22. Torneo de Moratalaz 2009"]
[Site "Madrid ESP"]
[Date "2009.09.20"]
[Round "5.2"]
[White "Martinez Martin, David"]
[Black "Madina Yadarola, Martin"]
[Result "1/2-1/2"]
[WhiteElo "2399"]
[BlackElo "2282"]
[PlyCount "68"]
[EventDate "2009.09.26"]
[EventType "swiss"]
[EventRounds "9"]
[EventCountry "ESP"]
[Source "lmi"]
[SourceDate "2009.09.16"]

1. e4 c5 2. Nf3 e6 3. Nc3 a6 4. d4 cxd4 5. Nxd4 Ne7 6. Be3 Nec6 7. Be2 b5 8.
O-O Bb7 9. Nb3 d6 10. a4 b4 11. Na2 Na5 12. Nxb4 Bxe4 13. Qd4 Bb7 14. Nxa5 Qxa5
15. c3 Nd7 16. Rfe1 Nf6 17. Nc2 Be7 18. c4 O-O 19. b4 Qc7 20. a5 e5 21. Qb6 Qc8
22. Bg5 Nd5 23. cxd5 Bxg5 24. Ne3 Bxe3 25. fxe3 Bxd5 26. Rad1 Be4 27. Rxd6 Qc3
28. Red1 h6 29. Bxa6 Rfb8 30. Rd8+ Rxd8 31. Rxd8+ Rxd8 32. Qxd8+ Kh7 33. Kf2
Qxb4 34. Be2 f5 1/2-1/2

[Event "22. Torneo de Moratalaz 2009"]
[Site "Madrid ESP"]
[Date "2009.09.20"]
[Round "3.5"]
[White "Ramirez Garcia, Jorge Alberto"]
[Black "Arribas Lopez, Angel"]
[Result "0-1"]
[WhiteElo "2138"]
[BlackElo "2481"]
[PlyCount "72"]
[EventDate "2009.09.26"]
[EventType "swiss"]
[EventRounds "9"]
[EventCountry "ESP"]
[Source "lmi"]
[SourceDate "2009.09.16"]

1. e4 c5 2. c3 g6 3. d4 cxd4 4. cxd4 d5 5. e5 Nc6 6. Nc3 Bg7 7. Bb5 Nh6 8. Nge2
O-O 9. O-O Nf5 10. Be3 f6 11. exf6 Bxf6 12. Rc1 e6 13. Bxc6 bxc6 14. Na4 Qe8
15. Ng3 Nxe3 16. fxe3 e5 17. Qd3 Rb8 18. Qc3 Bd7 19. Nc5 Bg4 20. b4 Qe7 21. a3
Rbe8 22. Rce1 exd4 23. exd4 Qxe1 24. Qxe1 Bxd4+ 25. Kh1 Rxe1 26. Rxe1 h5 27.
Rf1 h4 28. Rxf8+ Kxf8 29. Nf1 Ke7 30. Nd2 Kd6 31. Nd3 g5 32. Nf3 Bxf3 33. gxf3
h3 34. a4 Be3 35. a5 d4 36. a6 Kc7 0-1

[Event "22. Torneo de Moratalaz 2009"]
[Site "Madrid ESP"]
[Date "2009.09.20"]
[Round "5.4"]
[White "Gemy Vargas, Jose Daniel"]
[Black "Julian Serra, Rogelio"]
[Result "1-0"]
[WhiteElo "2169"]
[BlackElo "2034"]
[PlyCount "69"]
[EventDate "2009.09.26"]
[EventType "swiss"]
[EventRounds "9"]
[EventCountry "ESP"]
[Source "lmi"]
[SourceDate "2009.09.16"]

1. d4 g6 2. g3 Bg7 3. Bg2 c5 4. Nf3 cxd4 5. Nxd4 Nc6 6. Nxc6 bxc6 7. O-O Nf6 8.
e4 Qb6 9. c4 d6 10. Qc2 Rb8 11. Na3 O-O 12. Rb1 Ng4 13. h3 Ne5 14. b4 Be6 15.
Bf4 Qa6 16. Bxe5 Bxe5 17. Rb3 Rfc8 18. Qd3 c5 19. b5 Qa4 20. Rfb1 Rb6 21. Nc2
Qxa2 22. Ne3 Bd4 23. Ra3 Bxc4 24. Nxc4 Qxf2+ 25. Kh1 Rxb5 26. Rf1 Rcb8 27. Rxf2
Bxf2 28. Bf1 Rb1 29. Kg2 Bd4 30. Rxa7 Re1 31. Rxe7 d5 32. Qf3 f6 33. Qf4 Ra8
34. Qh6 Ra2+ 35. Nd2 1-0

[Event "22. Torneo de Moratalaz 2009"]
[Site "Madrid ESP"]
[Date "2009.09.20"]
[Round "5.5"]
[White "Rios Rolon, Carlos"]
[Black "Anton Guijarro, David"]
[Result "0-1"]
[WhiteElo "2129"]
[BlackElo "2316"]
[PlyCount "152"]
[EventDate "2009.09.26"]
[EventType "swiss"]
[EventRounds "9"]
[EventCountry "ESP"]
[Source "lmi"]
[SourceDate "2009.09.16"]

1. d4 Nf6 2. Nf3 d5 3. g3 c6 4. Bg2 Bf5 5. O-O h6 6. Nbd2 e6 7. Re1 Nbd7 8. c3
Bd6 9. Nh4 Bh7 10. e4 dxe4 11. Nxe4 Bxe4 12. Bxe4 Nxe4 13. Rxe4 Nf6 14. Re1 O-O
15. Qf3 Kh7 16. Qd3+ Kg8 17. Qf3 Bc7 18. Bf4 Bxf4 19. gxf4 Nd5 20. Qg4 Qf6 21.
Re4 Ne7 22. Re5 Rad8 23. Kh1 Rd5 24. Rae1 Rfd8 25. h3 b6 26. b4 a5 27. a3 axb4
28. axb4 Ra8 29. Rg1 Ra2 30. Qg3 Kh7 31. Rg2 Ra1+ 32. Kh2 Ra2 33. Qg4 Rc2 34.
Re3 Nf5 35. Nxf5 Rxf5 36. Qd1 Ra2 37. Qb1 Ra3 38. c4 Ra4 39. Re5 g6 40. Rxf5
Qxf5 41. Qxf5 gxf5 42. Rg3 Rxb4 43. Rc3 c5 44. dxc5 bxc5 45. Kg3 Kg6 46. Kh4
Rb2 47. Kg3 Rd2 48. Kf3 Rd4 49. Kg3 f6 50. Re3 Kf7 51. Rc3 e5 52. fxe5 fxe5 53.
Rc1 Kf6 54. h4 Kg6 55. Re1 Rd3+ 56. Kg2 e4 57. Ra1 Rc3 58. Ra6+ Kh5 59. Rf6 Kg4
60. Rxh6 Rxc4 61. h5 Rc2 62. Kg1 f4 63. Re6 Kf3 64. h6 Rd2 65. h7 Rd1+ 66. Kh2
Rd8 67. Kg1 c4 68. Rc6 Rh8 69. Rc7 e3 70. fxe3 fxe3 71. Kf1 c3 72. Rf7+ Ke4 73.
Ke2 c2 74. Rc7 Rxh7 75. Rc4+ Kd5 76. Rc8 Rh1 0-1

[Event "22. Torneo de Moratalaz 2009"]
[Site "Madrid ESP"]
[Date "2009.09.21"]
[Round "6.1"]
[White "Elissalt Cardenas, Hector"]
[Black "Martinez Martin, David"]
[Result "1-0"]
[WhiteElo "2322"]
[BlackElo "2399"]
[PlyCount "117"]
[EventDate "2009.09.26"]
[EventType "swiss"]
[EventRounds "9"]
[EventCountry "ESP"]
[Source "lmi"]
[SourceDate "2009.09.16"]

1. d4 d5 2. c4 c6 3. Nf3 Nf6 4. Nbd2 Bf5 5. g3 h6 6. Bg2 e6 7. O-O Nbd7 8. b3
Bd6 9. Bb2 Qc7 10. c5 Be7 11. b4 a5 12. a3 b6 13. Bc3 axb4 14. axb4 O-O 15. Qb3
bxc5 16. bxc5 Rfb8 17. Rxa8 Rxa8 18. Ra1 Rxa1+ 19. Bxa1 Ne4 20. Nxe4 Bxe4 21.
Nd2 Bxg2 22. Kxg2 e5 23. e3 exd4 24. exd4 Nf8 25. Bc3 Ne6 26. Qb6 Qc8 27. Nf3
Bf6 28. Qa7 g5 29. h3 Nc7 30. Bd2 Nb5 31. Qa4 Qf5 32. Be3 Kg7 33. Qa8 Qe6 34.
g4 Kh7 35. Qb7 Nc3 36. Nd2 Kg7 37. Qb3 Nb5 38. Qd3 Qd7 39. Nf1 Kg8 40. Ng3 Qe6
41. Nf5 Bd8 42. h4 gxh4 43. Nxh6+ Kg7 44. Nf5+ Kf8 45. Bf4 Bf6 46. Bh6+ Ke8 47.
Be3 Kd7 48. Kh3 Bd8 49. Nxh4 Bxh4 50. Kxh4 Qe4 51. Qxe4 dxe4 52. Kg5 Ke6 53.
Kf4 Kd5 54. Kf5 Nxd4+ 55. Kf6 Nf3 56. g5 Ne5 57. Ke7 Kc4 58. Kd6 Ng4 59. Kxc6
1-0

[Event "22. Torneo de Moratalaz 2009"]
[Site "Madrid ESP"]
[Date "2009.09.21"]
[Round "6.2"]
[White "Arribas Lopez, Angel"]
[Black "Gemy Vargas, Jose Daniel"]
[Result "1-0"]
[WhiteElo "2481"]
[BlackElo "2169"]
[PlyCount "109"]
[EventDate "2009.09.26"]
[EventType "swiss"]
[EventRounds "9"]
[EventCountry "ESP"]
[Source "lmi"]
[SourceDate "2009.09.16"]

1. e4 Nf6 2. e5 Nd5 3. d4 d6 4. c4 Nb6 5. exd6 exd6 6. Nc3 Be7 7. Be3 N8d7 8.
a4 Nf6 9. a5 Nbd7 10. g3 a6 11. Bg2 O-O 12. h3 Rb8 13. Nge2 b6 14. Qc2 bxa5 15.
Rxa5 c5 16. Ra2 Qc7 17. O-O Bb7 18. d5 Ne5 19. Nd1 h5 20. Bd2 Bc8 21. f4 Ng6
22. Bc3 Re8 23. f5 Ne5 24. Bxe5 dxe5 25. Nf2 e4 26. Nxe4 Nxe4 27. Qxe4 Bd7 28.
Qf3 h4 29. Nc3 Qe5 30. Kh1 Rb3 31. Rxa6 Bc8 32. Ra8 Bd6 33. f6 Qxg3 34. Qxg3
Bxg3 35. fxg7 Rxb2 36. Ne4 Kxg7 37. Ra7 Rf8 38. Nxg3 hxg3 39. Ra3 f5 40. Rxg3+
Kf6 41. Rgf3 Re8 42. R1f2 Re1+ 43. Kh2 Rxf2 44. Rxf2 Rc1 45. Bf1 Rc3 46. Rb2 f4
47. Rb5 Rc2+ 48. Kg1 Rc1 49. Kf2 Rc2+ 50. Kf3 Ke5 51. Rxc5 Rc3+ 52. Kf2 Bf5 53.
d6+ Ke4 54. Rxf5 Rc2+ 55. Ke1 1-0